000 00562nam a2200241 a 4500
001 nice12345678
003 IN_TiNIC
005 20260116013038.0
008 050524s1996 newa grp 000 0 eng
020 _a002412141X
_c350
082 0 0 _a200
_bSMA
100 _aSmart, Ninian
245 _aReligious Experience
260 _aNew York
_bFree Press
_c1996
300 _a435p
500 _aincludes index and biblioraphy
505 2 _aIndex
650 _aReligion
700 1 _aSmart, Ninian
902 _bSRS
942 _cBK
999 _c9412
_d9412